000 00314nam a22001457a 4500
003 SGT
020 _a9781402343479
082 _aB14S
_b613.7046
100 _aSINGH, DIPALI ED.
245 _aB.K.S.IYENGAR YOGA
250 _a2ND
260 _bPENGUINRANDOM HOUSE LONDON
_c2014
300 _a432
942 _2ddc
_cBK
999 _c19794
_d19794